Πανελλήνιο Συνέδριο: "Αλφαβητισμός και διδασκαλία της μητρικής γλώσσας"

Αποθηκεύτηκε σε:
Λεπτομέρειες βιβλιογραφικής εγγραφής
Συλλογικό Έργο: Πανελλήνιο Συνέδριο "Αλφαβητισμός και διδασκαλία της μητρικής γλώσσας", Υπουργείο Εθνικής Παιδείας και Θρησκευμάτων (Γενική Γραμματεία Λαϊκής Επιμόρφωσης.)
Μορφή: Πρακτικό Συνεδρίου Βιβλίο
Γλώσσα:Greek
Δημοσίευση: Αθήνα : Γενική Γραμματεία Λαϊκής Επιμόρφωσης, 1992
Θέματα:
Ετικέτες: Προσθήκη ετικέτας
Δεν υπάρχουν, Καταχωρήστε ετικέτα πρώτοι!

MARC

LEADER 00000nam a2200000 i 4500
001 1/5871
008 000609s1992 gre d
035 |l 10061736 
040 |a GR-MY-UA  |b gre  |e aacr 
041 0 |a gre 
082 0 |a 379.24 
110 2 |a Πανελλήνιο Συνέδριο "Αλφαβητισμός και διδασκαλία της μητρικής γλώσσας". 
245 1 0 |a Πανελλήνιο Συνέδριο: "Αλφαβητισμός και διδασκαλία της μητρικής γλώσσας" /  |c [διοργάνωση] Υπουργείο Παιδείας Γενική Γραμματεία Λαϊκής Επιμόρφωσης 
260 |a Αθήνα :   |b Γενική Γραμματεία Λαϊκής Επιμόρφωσης,   |c 1992 
300 |a 212 σ. 
500 |a Το Συνέδριο διοργανώθηκε από τη Γ.Γ.Λ.Ε. με την ευκαιρία του Διεθνούς Έτους Αλφατισμού 1990 
650 0 0 |a Literacy  |x Government policy  |z Greece. 
650 0 0 |a Literacy programs  |x Congresses. 
650 0 0 |a Literacy  |x Congresses. 
650 0 0 |a Elementary education of adults  |z Greece  |x Congresses. 
711 2 |a Υπουργείο Εθνικής Παιδείας και Θρησκευμάτων  |e Γενική Γραμματεία Λαϊκής Επιμόρφωσης. 
852 |a INST  |b RHODES  |e 20000609  |h 379.24 ΠΑΝ  |p 005400003421  |q 005400003421  |t BK  |y 0 
909 |a Ρ  |b 022243 
922 |a 4ΔΩΡ  |b 199207  |c ΔΩΡΕΑ 
970 |a ΧΟΡΟΖΙΔΟΥ  |b ΤΖΕΝΗ  |z 2000/06/09